000 00346 a2200169 4500
001 175080
020 _a85-08-02408-8
040 _cMagnum
100 _aFrança, Mary
240 1 0 _aA galinha choca
_lpor
245 1 0 _aA galinha choca
300 _a16
362 0 _a1997
440 1 _aÁtica
697 _aLITERATURA INFANTIL
942 _cBK
999 _c175080
_d175080